謝謝你留下來陪我 : (Record no. 7692)

MARC details
000 -LEADER
fixed length control field 01069cam a2200313 i 4500
001 - CONTROL NUMBER
control field 1225432
003 - CONTROL NUMBER IDENTIFIER
control field YEEZEN
005 - DATE AND TIME OF LATEST TRANSACTION
control field 20260202141339.0
008 - FIXED-LENGTH DATA ELEMENTS--GENERAL INFORMATION
fixed length control field 250922s2025 ch a g 000 0bchi d
020 ## - INTERNATIONAL STANDARD BOOK NUMBER
International Standard Book Number 9786267035382
Qualifying information (平裝) :
Terms of availability NT$480
040 ## - CATALOGING SOURCE
Original cataloging agency TWTNM
Language of cataloging chi
Transcribing agency TWTNM
042 ## - AUTHENTICATION CODE
Authentication code nbic
084 ## - OTHER CLASSIFICATION NUMBER
Classification number 783.3886
Number source ncsclt
090 ## - LOCALLY ASSIGNED LC-TYPE CALL NUMBER (OCLC); LOCAL CALL NUMBER (RLIN)
Classification number (OCLC) (R) ; Classification number, CALL (RLIN) (NR) 783.3886
100 1# - MAIN ENTRY--PERSONAL NAME
Personal name 林靜芸
245 10 - TITLE STATEMENT
Title 謝謝你留下來陪我 :
Remainder of title 為失智者.照顧者找出口 林靜芸醫師勇敢書寫林芳郁院長的故事 /
Statement of responsibility, etc. 林靜芸, 洪淑惠合著
246 30 - VARYING FORM OF TITLE
Title proper/short title 為失智者.照顧者找出口 林靜芸醫師勇敢書寫林芳郁院長的故事
246 30 - VARYING FORM OF TITLE
Title proper/short title 為失智者.照顧者找出口 林靜藝醫師勇敢書寫林芳郁院長的故事
250 ## - EDITION STATEMENT
Edition statement 一版
260 ## - PUBLICATION, DISTRIBUTION, ETC.
Place of publication, distribution, etc. 新北市 :
Name of publisher, distributor, etc. 聯合報健康事業部,
Date of publication, distribution, etc. 2025.06
300 ## - PHYSICAL DESCRIPTION
Extent 319面 :
Other physical details 彩圖 ;
Dimensions 23公分
600 17 - SUBJECT ADDED ENTRY--PERSONAL NAME
Personal name 林芳郁
Source of heading or term lcstt.
650 #7 - SUBJECT ADDED ENTRY--TOPICAL TERM
Topical term or geographic name entry element 醫師
Source of heading or term lcstt.
650 #7 - SUBJECT ADDED ENTRY--TOPICAL TERM
Topical term or geographic name entry element 失智症
Source of heading or term lcstt.
650 #7 - SUBJECT ADDED ENTRY--TOPICAL TERM
Topical term or geographic name entry element 照顧者
Source of heading or term lcstt.
650 #7 - SUBJECT ADDED ENTRY--TOPICAL TERM
Topical term or geographic name entry element 傳記
Source of heading or term lcstt.
700 1# - ADDED ENTRY--PERSONAL NAME
Personal name 洪淑惠
942 ## - ADDED ENTRY ELEMENTS (KOHA)
Source of classification or shelving scheme 中文圖書分類法
Koha item type 一般圖書
Holdings
撤銷狀態 遺失狀態 分類號來源 損壞狀態 不外借 永久館藏地 現在館藏地 書架位置 採購日期 全部借出 全部續借 完整索書號 條碼號 最後一次日期記錄 Date last checked out 一般價格有效日期 Koha館藏類型 公開資訊
未註銷館藏 未遺失 中文圖書分類法 未損毀 可外借 怡仁綜合醫院圖書館 怡仁綜合醫院圖書館   2026-02-02 3 1 783.3886 C03276 2026-03-31 2026-03-27 2026-02-02 一般圖書 謝謝你留下來陪我   為失智者、照顧者找出口,林靜芸醫師勇敢書寫林芳郁院長的故事   林芳郁,低調謙沖,無聲有光~   三大醫學中心院長、心臟外科權威。   終結台大紅包文化、催生緊急救護EMT體系、改革三大醫學中心,對台灣醫療帶來巨大而深遠的影響。   林靜芸,幽默睿智、溫暖真誠~   台灣第一位女外科醫師,被譽為「整形外科教母」。      年輕時,他守著陽光女孩林靜芸,   而如今,她守護被病痛圍困的他,     「你用盡全身的力量,拚命留下來陪我,不管歲月如何、病程如何,我也會盡最大的努力來回應你。」
怡仁醫院| 地址:32643桃園市楊梅區楊新北路321巷30號 | 服務專線:03-4855566 | 電子郵件信箱:
Copyright © 1996 CHC Hospital